Plus Beaux Villages de France par images #7 - Statistiques

Statistiques générales
  • Ce quiz a été pris 13 fois
  • Le résultat moyen est 2 sur 16
Statistiques - réponses
Par images Hint Réponse % Correct
Aveyron (12) Belcastel
44%
Pyrénées-Orientales (66) Eus
44%
Charente-Maritime (17) La Flotte-en-Ré
22%
Haut-Rhin (68) Bergheim
11%
Allier (03) Charroux
11%
Gard (30) La Roque-sur-Cèze
11%
Loir-et-Cher (41) Lavardin
11%
Eure (27) Le Bec-Hellouin
11%
Hautes-Alpes (05) Saint-Véran
11%
Côte-d'Or (21) Châteauneuf-en-Auxois
0%
Alpes-de-Haute-Provence (04) Entrevaux
0%
Maine-et-Loire (49) Fontevraud-l'Abbaye
0%
Tarn-et-Garonne (82) Lauzerte
0%
Lot (46) Loubressac
0%
Ain (01) Pérouges
0%
Dordogne (24) Saint-Léon-sur-Vézère
0%
Aucun quiz correspondant
Distribution des résultats
% des personnes avec chaque résultat
Percentile par nombre de réponses
Votre historique - résultats
Vous n’avez pas pris ce quiz